Statystyki dla Quiz o Czadzie

Kliknij tutaj aby rozwiązać quiz!

Ogólne statystyki

  • Ten quiz został rozwiązany 1 005 razy
  • Średni wynik to 12 z 18

Statystyki odpowiedzi

WskazówkaOdpowiedź% Poprawnych
Pustynia obejmująca większą część CzaduSahara
94%
Państwo Europy z niemal identyczną flagą (ale nie taką samą):
Rumunia
92%
Państwa granicząceNiger
89%
Państwa granicząceSudan
88%
Państwa granicząceLibia
87%
Państwa granicząceNigeria
84%
Oficjalne językifrancuski
79%
Państwa granicząceRepublika
Środkowoafrykańska
75%
Państwa granicząceKamerun
69%
Oficjalne językiarabski
68%
StolicaNdżamena
66%
Największy sektor gospodarki CzaduRolnictwo
58%
Co stanowi 96% eksportu Czadu?Ropa naftowa
56%
Typowy styl małżeństwa, 39% kobiet żyje w takim związkuPoligamia
50%
Owoce rosnące na palmach w oazachDaktyle
49%
Po Kazachstanie i Mongolii Czad jest trzecim co
co do powierzchni na świecie państwem ___________
Śródlądowym
48%
Państwo Czad zostało nazwane na cześć ____Jeziora
31%
Jedna trzecia populacji należy do tej grupy etnicznej
(wskazówka: także popularne imię angielskiej dziewczyny)
Sara
19%

Rozkład punktacji

Percentyl według liczby udzielonych odpowiedzi

Procent ludzi z każdym wynikiem

Twoja historia wyników

Nie rozwiązałeś tego quizu